| 000 | 00839nam a2200289Ia 4500 | ||
|---|---|---|---|
| 003 | OSt | ||
| 005 | 20221006144117.0 | ||
| 006 | a|||||r|||| 00| 0 | ||
| 007 | ta | ||
| 008 | 221006b |||||||| |||| 00| 0 eng d | ||
| 020 |
_a0271005424 _c _26.50 |
||
| 024 | _a10,898 | ||
| 037 | _cTextual | ||
| 040 |
_aEASL _cEASL _beng |
||
| 041 |
_2eng _aeng |
||
| 082 | _aQ448y7J46, L9 | ||
| 100 |
_aHSU Sung-peng _9650877 |
||
| 245 | 0 |
_aBuddhist leader in Ming China _b The life and thought of Han-Shan Te-ching |
|
| 260 |
_aLondon _bPennsylvania State University Press _c1979 |
||
| 300 |
_a221p. _ccm. |
||
| 490 | _v CEL | ||
| 650 | _a CEL | ||
| 650 |
_a Priests Buddhist - China - Biography _9650878 |
||
| 650 |
_aHan - shan _9650879 |
||
| 942 |
_hQ448y7J46, L9 _cTEXL _2CC |
||
| 999 |
_c1078984 _d1078984 |
||